Word Ladder: Spring Garden Quiz Stats

 Plays Quiz Updated Nov 28, 2014

Challenge
Share
Tweet
Embed
Score 0/22 Timer 02:00
2 Plays Today
Hint 4-Letter Word % Correct
* Thorny stemmed flower *ROSE
99%
Stand for a photoPOSE
95.6%
A line where fabric pieces are stitched together SEAM
91.8%
Appear to beSEEM
91.2%
Blog entryPOST
90.1%
A quantity of paperREAM
89.7%
* Supporting stalk on a plant *STEM
87.5%
Wander aimlesslyROAM
86.7%
ChamberROOM
84.9%
DispatchSEND
80%
Off track or adriftLOST
79.9%
Hint 4-Letter Word % Correct
* A fertilized, matured plant ovule *SEED
79.9%
OozeSEEP
78.5%
TreadSTEP
78.2%
* Plant tuber or origin of something like an idea *ROOT
76.5%
PlunderLOOT
74%
To be inclined or to take care ofTEND
68.4%
A fabric dwellingTENT
65.8%
HueTINT
65.4%
FuzzLINT
62%
* Large bell shaped flower *LILY
48.6%
Vocal inflectionLILT
46.3%

Today's Daily Dose

Word Ladder
King of the...

Quick Pick
The Doors Songs

On This Day
August 17th II

You're not logged in!

Compare scores with friends on all Sporcle quizzes.
Join for Free
OR
Log In

You Might Also Like...

Show Comments

Extras

Top Quizzes Today


Score Distribution

Your Account Isn't Verified!

In order to create a playlist on Sporcle, you need to verify the email address you used during registration. Go to your Sporcle Settings to finish the process.

Report this User

Report this user for behavior that violates our Community Guidelines.

Details: